乃木坂46メンバーのサイリウムカラーからどのメンバーか当てるクイズ - Statistics

General Stats
  • This quiz has been taken 161 times
    88 since last reset
  • The average score is 21 of 39
Answer Stats
サイリウムカラー サイリウムカラー メンバー名 % Correct
小川彩
88%
井上和
81%
オレンジ 賀喜遥香
75%
ターコイズ ターコイズ 冨里奈央
75%
ピンク 遠藤さくら
69%
ターコイズ 五百城茉央
69%
池田瑛紗
69%
ピンク 川﨑桜
69%
伊藤理々杏
63%
水色 梅澤美波
63%
筒井あやめ
63%
ピンク ピンク 林瑠奈
63%
ピンク 黄緑 奥田いろは
63%
水色 ターコイズ 中西アルノ
63%
瀬戸口心月
63%
森平麗心
63%
水色 水色 一ノ瀬美空
56%
海邉朱莉
56%
ピンク 吉田綾乃クリスティー
50%
水色 金川紗耶
50%
水色 田村真佑
50%
黄緑 弓木奈於
50%
水色 久保史緒里
44%
ピンク ターコイズ 佐藤璃果
44%
黄緑 柴田柚菜
44%
ピンク 水色 菅原咲月
44%
大越ひなの
44%
水色 鈴木佑捺
44%
増田三莉音
44%
矢田萌華
44%
ピンク 岩本蓮加
38%
ピンク 矢久保美緒
38%
岡本姫奈
38%
ピンク 愛宕心響
38%
ターコイズ 小津玲奈
38%
ピンク オレンジ 長嶋凛桜
38%
ターコイズ 松尾美佑
31%
水色 川端晃菜
31%
黒見明香
25%
No matching quizzes found
Score Distribution
Percent of People with Each Score
Percentile by Number Answered
Your Score History
You have not taken this quiz since the last reset